| 000 | 00955cam a22002651 4500 | ||
|---|---|---|---|
| 001 | 4928 | ||
| 003 | BD-RjUL | ||
| 005 | 20211208233958.0 | ||
| 008 | 131223s1954 nyu i000 0 eng | ||
| 035 | _a(BD-RjUL)4964 | ||
| 035 | _a(OCoLC)2650168 | ||
| 040 |
_aDLC _cNSbSU _dNSbSU _dDLC _dBD-RjUL _beng |
||
| 041 | _aeng | ||
| 082 | 0 | 0 |
_a334.683 _bRUR 1954 |
| 110 | 2 |
_aUnited Nations. _bDepartment of Economic Affairs. _99463 |
|
| 245 | 1 | 0 |
_aRural progress through co-operatives : _bthe place of cooperative associations in agricultural development. _cUnited Nations.Department of Economic Affairs. |
| 260 |
_aNew York : _c1954. _bUnited Nations publications. |
||
| 300 |
_avi, 112 p. _c23 cm. |
||
| 490 | 1 | _aUnited Nations. [Document] E/2524. St/ECA/20 | |
| 500 | _a"United Nations publication. Sales no. : 1954. II. B. 2." | ||
| 650 | 0 |
_aAgriculture, Cooperative _915538 |
|
| 942 |
_2ddc _cBK |
||
| 999 |
_c4928 _d4928 |
||